US States with the Most Counties - Statistics

General Stats
  • This quiz has been taken 255 times
  • The average score is 7 of 10
Answer Stats
Counties State % Correct
254 Texas
99%
159 Georgia
75%
100 North Carolina
74%
102 Illinois
73%
134 Virginia
73%
95 Tennessee
70%
115 Missouri
67%
120 Kentucky
65%
99 Iowa
59%
105 Kansas
57%
No matching quizzes found
Score Distribution
Percent of People with Each Score
Percentile by Number Answered
Your Score History
You have not taken this quiz